Statistics for Biggest Trading Partners - Qatar

Click here to take the quiz!

General Stats

  • This quiz has been taken 73 times
  • The average score is 24 of 28

Answer Stats

exports imports country % Correct
1.24 bil3.12 bilUnited States
99%
8.09 bil1.19 bilIndia
99%
0.74 bil2.26 bilFrance
96%
0.62 bilSaudi Arabia
94%
11.0 bil1.19 bilJapan
94%
6.40 bil1.68 bilChina
93%
0.65 bilTurkey
93%
0.62 bil1.98 bilUnited Arab Emirates
93%
1.56 bil3.12 bilUnited Kingdom
93%
0.36 bilKuwait
91%
11.3 bil0.44 bilSouth Korea
90%
2.49 bilGermany
90%
1.37 bilEgypt
88%
0.83 bilOman
88%
1.32 bil1.04 bilItaly
88%
0.90 bilIndonesia
88%
0.85 bil0.46 bilSpain
87%
0.42 bilBrazil
86%
0.49 bilMalaysia
83%
0.57 bilNetherlands
83%
0.55 bil0.36 bilBelgium
81%
1.61 bilPakistan
81%
2.54 bilThailand
80%
2.65 bilTaiwan
75%
5.17 bil0.43 bilSingapore
75%
0.69 bilSwitzerland
68%
0.54 bilPoland
64%
0.45 bilArgentina
59%

Score Distribution

Percentile by Number Answered

Percent of People with Each Score

Your Score History

You have not taken this quiz